Top 10 Najlepszych Europejskich Klubów Piłkarskich w Historii wg AI - Statystyki

Ogólne statystyki
  • Ten quiz został rozwiązany 61 razy
  • Średni wynik to 9 z 10
Statystyki odpowiedzi
Lp. Odpowiedź % Poprawnych
2 FC Barcelona
100%
1 Real Madryt
100%
3 AC Milan
98%
4 Bayern Monachium
98%
9 Inter Mediolan
98%
8 Juventus Turyn
96%
5 Liverpool
93%
6 Manchester United
93%
7 Ajax Amsterdam
68%
10 Benfica Lizbona
39%
Nie znaleziono quizów pasujących do podanych kryteriów
Rozkład punktacji
Procent ludzi z każdym wynikiem
Percentyl według liczby udzielonych odpowiedzi
Twoja historia wyników
Nie rozwiązałeś tego quizu